00738pam a2200241 a 4500001000800000005001700008008004100025010001700066020001500083040002300098041000800121060001500129080001500144082001900159100000600178101000800184245007700192504003900269906004500308942001200353999001700365952011400382475128220180131090351.0850719s1986 paua b 001 0 eng c a 85018272  a072161857X aDNLM/DLCcDLCdDLC aeng aQX 4 M345d a616.96 MAR00a616.96 MAR2191 a3 aMJE10aMedical parasitology /cEdward K. Markell, Marietta Voge, David J. John. aIncludes bibliographies and index. a7bcbccorignewd1eocipf19gy-gencatlg 2ddccBK c41411d41411 00102ddc40708PËKGa002b002cPËKGd2018-01-31l0o616.96 MARp002-2998032r2018-01-31w2018-01-31yBK